Biodiversity of Cambodia: (Registro nro. 20526)

Detalles MARC
000 -CABECERA
Campo de control 00969nam a22003017a 4500
005 - FECHA Y HORA DE LA ULTIMA TRANSACCION
Campo de control 20191029032122.0
008 - ELEMENTOS DE LONGITUD FIJA—INFORMACION GENERAL
Campo de control 191028b xxu||||| |||| 00| 0 spa d
020 ## - ISBN
ISBN 9788968111907
040 ## - FUENTE DE CATALOGACIÓN
Agencia catalogadora original CO-BoIAVH
Agencia transcriptora CO-BoIAVH
041 ## - IDIOMA
Código de idioma para texto/pista de sonido o título separado Inglés
044 ## - PAÍS DE PUBLICACIÓN
País de publicación Corea (Sur)
082 ## - NUMERO DE CLASIFICACION DECIMAL DEWEY
Número de clasificación 571.5929
Número del ítem L51b
100 ## - ASIENTO PRINCIPAL--NOMBRE PERSONAL
9 (RLIN) 101775
Nombre personal Lee, Jong Kyu
Término relacionado Autor
245 ## - MENCION DE TITULO
Título Biodiversity of Cambodia:
Parte restante del título Mushrooms
260 ## - PUBLICACION, DISTRIBUCION, ETC. (PIE DE IMPRENTA)
Lugar de publicación, distribución, etc. Incheon:
Nombre del editor, distribuidor, etc. National Institute of Biological Resources,
Fecha de publicación, distribución, etc. 2015.
300 ## - DESCRIPCION FISICA
Extensión 280 Páginas:
Otros detalles físicos fotografías,
Dimensiones 22 x 15 cm.
490 ## - MENCION DE SERIE
Mención de serie Biodiversity of Cambodia
650 #0 - ASIENTO SECUNDARIO DE MATERIA - TERMINO TEMATICO
9 (RLIN) 54
Término temático o nombre geográfico como elemento de entrada Biodiversidad
650 #0 - ASIENTO SECUNDARIO DE MATERIA - TERMINO TEMATICO
9 (RLIN) 40866
Término temático o nombre geográfico como elemento de entrada Hongos
Subdivisión general Taxonomía
700 ## - ASIENTO SECUNDARIO - NOMBRE PERSONAL
9 (RLIN) 101776
Nombre personal Kyu Kim, Nam
Término de relación Autor
700 ## - ASIENTO SECUNDARIO - NOMBRE PERSONAL
9 (RLIN) 101777
Nombre personal Heung Lee, Jin
Término de relación Autor
700 ## - ASIENTO SECUNDARIO - NOMBRE PERSONAL
9 (RLIN) 101778
Nombre personal Won Jo, Jong
Término de relación Autor
700 ## - ASIENTO SECUNDARIO - NOMBRE PERSONAL
Nombre personal Ha Yoon, Young
Término de relación Autor
9 (RLIN) 101782
700 ## - ASIENTO SECUNDARIO - NOMBRE PERSONAL
9 (RLIN) 101779
Nombre personal Tae Kim, Yong
Término de relación Autor
700 ## - ASIENTO SECUNDARIO - NOMBRE PERSONAL
9 (RLIN) 101780
Nombre personal Ngeth, Chea
Término de relación Autor
700 ## - ASIENTO SECUNDARIO - NOMBRE PERSONAL
9 (RLIN) 101781
Nombre personal Bunthoeun, Roth
Término de relación Autor
942 ## - ELEMENTOS ADICIONALES (KOHA)
Sistema de clasificación Dewey Decimal Classification
Tipo de ítem Libro
Existencias
Withdrawn status Lost status Sistema de Clasificación Damaged status No para préstamo Colección Ubicación Permanente Ubicación actual Fecha de adquisición Total Checkouts Número topográfico Inventario / Código de Barras Date last seen Ejemplar Price effective from Forma de adquisición Tipo de material
    Dewey Decimal Classification     General Bogotá Bogotá 28/10/2019   LB-571.5929 L51b 043639 28/10/2019 Ej.1 28/10/2019 Canje Libro